000 01435nam a2200253 a 4500
008 120416s1989 ||||||||||||||||| || u
020 _a0256067813
050 _aHF 5635 Lar
100 _aLarson KermitD
245 1 0 _aFinancial accounting (4th ed.)
246 _aKermit D. Larson
250 _a4th ed.
260 _aHomewood, [Ill.]
_bIrwin
_c1989
300 _axxix, 766p. : ill.
350 _a0.00
650 0 _aACCOUNTING--HANDBOOKS, MANUALS, ETC
700 _aPyle, William W
995 _aTEXTBOOKS (SB)
_D0.00
_e1652
_FCBU-SCHOOL TEXTBOOK COLLECTIONS
_H1
_I0.00
_jSCHOOL TEXTBOOK
_M6
_UAVAILABLE
_WOct 2, 2009
_y1652
_ZSchool Collections
995 _aTEXTBOOKS (SB)
_D0.00
_e1908
_FCBU-SCHOOL TEXTBOOK COLLECTIONS
_H1
_I0.00
_jSCHOOL TEXTBOOK
_M5
_UAVAILABLE
_WSep 21, 2009
_y1908
_ZSchool Collections
995 _aANNEX COLLECTION (Main Library)
_D0.00
_e006427
_FCBU-MAIN LIBRARY (Kitwe)
_H1
_I35.00
_jHF 5635 Lar
_UAVAILABLE
_y006427
_ZAnnex Low-Usage Collection
995 _aANNEX COLLECTION (Main Library)
_D0.00
_e725717
_FCBU-MAIN LIBRARY (Kitwe)
_H2
_I35.00
_jHF 5635 Lar
_M4
_UAVAILABLE
_y006425
_ZAnnex Low-Usage Collection
995 _aANNEX COLLECTION (Main Library)
_D0.00
_e725719
_FCBU-MAIN LIBRARY (Kitwe)
_H3
_I35.00
_jHF 5635 Lar
_UAVAILABLE
_y006426
_ZAnnex Low-Usage Collection
995 _aMAIN LIBRARY OPEN ACCESS
_D0.00
_e006428
_FCBU-MAIN LIBRARY (Kitwe)
_H4
_I35.00
_jHF 5635 Lar
_UAVAILABLE
_y006428
_ZMain Library Open Access Collection
999 _c63058
_d63058